|
|
|
|
| LEADER |
00000cam a2200000 4500 |
| 001 |
vtls012282144 |
| 003 |
SK-MaSNL |
| 005 |
20260302055959.0 |
| 008 |
250902s2025 xo grhn 000 fbslo |
| 015 |
|
|
|a SNBA2025/10
|
| 020 |
|
|
|a 9788082022714
|q (viazané)
|
| 040 |
|
|
|a SNK
|b slo
|c SNK
|e rda
|
| 041 |
1 |
|
|a slo
|h rus
|
| 044 |
|
|
|a xo
|c SK
|
| 072 |
|
7 |
|a 821.161.1
|x Ruská literatúra
|2 konspekt
|
| 080 |
|
|
|a 821.161.1-051
|2 2011
|
| 080 |
|
|
|a 821.161.1-31
|2 2011
|
| 080 |
|
|
|a (0:82-312.6)
|2 2011
|
| 080 |
|
|
|a (0:82-311.6)
|2 2011
|
| 100 |
1 |
|
|a Tynjanov, Jurij Nikolajevič,
|d 1894-1943
|4 aut
|9 192218
|
| 240 |
1 |
0 |
|a Sočinenija: Smerť Vazir-Muchtara
|l Slovensky
|
| 245 |
1 |
0 |
|a Smrť veľvyslanca
|c Jurij Tyňanov ; z ruského originálu Sočinenija: Smerť Vazir-Muchtara ... preložil Miloš Ferko
|
| 250 |
|
|
|a Prvé vydanie
|
| 264 |
|
1 |
|a Bratislava
|b Vydavateľstvo Spolku slovenských spisovateľov, spol. s.r.o.
|c 2025
|
| 300 |
|
|
|a 621 strán
|c 22 cm
|
| 336 |
|
|
|a text
|b txt
|2 rdacontent
|
| 337 |
|
|
|a bez média
|b n
|2 rdamedia
|
| 338 |
|
|
|a zväzok
|b nc
|2 rdacarrier
|
| 504 |
|
|
|a Obsahuje bibliografické odkazy
|
| 600 |
1 |
7 |
|a Gribojedov, Aleksandr Sergejevič,
|d 1795-1829
|2 SNKMA
|9 168779
|
| 655 |
|
7 |
|a ruské romány
|2 SNKPH
|9 70514
|
| 655 |
|
7 |
|a Russian fiction
|2 SNKPHeng
|9 277049
|
| 655 |
|
7 |
|a biografické romány
|2 SNKPH
|9 1532
|
| 655 |
|
7 |
|a Biographical novels
|2 SNKPHeng
|9 278552
|
| 655 |
|
7 |
|a historické romány
|2 SNKPH
|9 70253
|
| 655 |
|
7 |
|a Historical novels
|2 SNKPHeng
|9 276887
|
| 700 |
1 |
|
|a Ferko, Miloš,
|d 1974-
|4 trl
|4 aui
|9 103967
|
| 700 |
1 |
|
|a Gánovská, Michala
|4 bjd
|9 326928
|
| 852 |
|
|
|a Slovenská národná knižnica
|
| 919 |
|
|
|a 978-80-8202-271-4
|
| 954 |
|
|
|a beletria cudzojazyčná (svetová)
|2 lita
|
| 958 |
|
|
|a BC
|
| 958 |
|
|
|a UP
|
| 958 |
|
|
|a LX
|
| 958 |
|
|
|a RU
|
| 999 |
|
|
|c 1119490
|d 1121420
|
| 952 |
|
|
|a SNK
|b SNK
|y PREZ
|7 0
|p 17A1579910
|o snkSC 211592
|i snk2025/13863
|8 0
|0 0
|1 0
|4 0
|d 2025-09-02
|l 0
|r 2026-02-24 18:27:13
|w 2026-02-24
|
| 952 |
|
|
|a SNK
|b SNK
|y VYP
|7 0
|p 17A1579911
|o snkSC 211592 D1
|i snk2025/13864
|8 0
|0 0
|1 0
|4 0
|d 2025-09-02
|l 0
|r 2026-02-24 18:27:13
|w 2026-02-24
|